Ciencias naturales : cuarto grado

Gespeichert in:
Bibliographische Detailangaben
Körperschaften: México. Secretaría de Educación Pública. Subsecretaría de Educación Básica y Normal. Dirección General de Materiales y Métodos Educativos, Comisión Nacional de Libros de Texto Gratuitos. (México)
Weitere Verfasser: Chamizo Guerrero, José Antonio (Projektleitung)
Format: Buch
Sprache:Spanisch
Erschienen: México : SEP. Comisión Nacional de los Libros de Texto Gratuitos, 2008
Ausgabe:5a. ed.
Katalog:MANES:  Suchergebnis im Bibliothekskatalog
Schulbuchspezifische Eigenschaften:
Schriftenreihe:Libro de texto gratuito
Tags: Tag hinzufügen
Keine Tags, Fügen Sie den ersten Tag hinzu!
Hinzugefügt zu:07.11.2005
Geändert in:20.05.2026

MARC

LEADER 00000cam a2200000 a 4500
003 OSt
005 20260520173028.0
008 051108n2008 mx f 000 0 spa u
020 |a 9789680117543 
040 |a CINV  |c CINV 
050 0 4 |a LTG LB1585  |b M49 4º 2008 
051 0 4 |a LTG LB1585-M49 4º 2008 
110 2 |a México.  |b Secretaría de Educación Pública.  |b Subsecretaría de Educación Básica y Normal.  |b Dirección General de Materiales y Métodos Educativos  |9 24461 
245 0 0 |a Ciencias naturales :  |b cuarto grado /  |c Coordinador José Antonio Chamizo Guerrero. 
250 |a 5a. ed. 
260 |a México :  |b SEP. Comisión Nacional de los Libros de Texto Gratuitos,  |c 2008 
300 |a 175 p. :  |b il. ;  |c 26 cm. 
440 |a Libro de texto gratuito  |9 21882 
500 |a Ciclo escolar 2009-2010 
546 |a México 
561 |5 mx-CINVES  |a México. DIE-Cinvestav (Ciudad de México)  |k MANES 
691 0 |a PRI 
700 1 |a Chamizo Guerrero, José Antonio,  |e coord.  |9 45481 
710 2 |a Comisión Nacional de Libros de Texto Gratuitos. (México)  |9 24074 
910 |a E-7788  |b Don.-2009 
911 |a E-7788 
942 |2 ddc  |c BK 
999 |c 54792  |d 54792 
999 |c manes:54792  |d 54792